| 000 | 00695nam a2200229 a 4500 | ||
|---|---|---|---|
| 001 | BRCA_343 | ||
| 005 | 20190320202952.0 | ||
| 008 | 750305s1974 enkacf b 001 0 eng | ||
| 020 | _a0214200345 | ||
| 040 |
_aDLC _cDLC _dDLC |
||
| 050 | 4 |
_aNK4085 _b.G59 1974 |
|
| 100 | 1 |
_aGodden, Geoffrey A. _91140 |
|
| 245 | 1 | 0 |
_aBritish Pottery _bAn Illustrated Guide _c[by] Geoffrey A. Godden. |
| 260 |
_aLondres _bBarrie and Jenkins _c1974 |
||
| 300 |
_a452 p., [24] p. de láminas _bil. (algunas a color) _c26 cm. |
||
| 500 | _aIncluye índice | ||
| 500 | _aDonación Consejo Brítanico | ||
| 504 | _aBibliografía: p. 445-447 | ||
| 650 | 1 | 4 |
_aCerámica británica _91141 |
| 902 | _aDCB | ||
| 942 |
_2lcc _cB |
||
| 999 |
_c280 _d280 |
||